000
00312nam a22001337a 4500
008
181122b xxu||||| |||| 00| 0 eng d
020
_a
9780155062436
041
_a
eng
080
_2
7 TH
_a
370
100
_a
49
101
_a
EDU
245
_a
Reading Enhacement An Development
_c
Holt.R
942
_2
udc
_c
BK
999
_c
52325
_d
52325